000 00695cam a2200229 4500500
005 20260405000353.0
041 _afre
042 _adc
100 1 0 _aOgien, Ruwen
_eauthor
700 1 0 _aFassin, Éric
_eauthor
700 1 0 _aBorillo, Daniel
_eauthor
700 1 0 _aLacroix, Alexandre
_eauthor
245 0 0 _aL’éthique sexuelle, une nouvelle approche
260 _c2007.
500 _a37
690 _aInfidélité
690 _aMasturbation
690 _aSexe
690 _aSexualité
786 0 _nPhilosophie magazine | 7 | 3 | 2007-03-01 | p. 16-16 | 1951-1787
856 4 1 _uhttps://shs.cairn.info/magazine-philosophie-magazine-2007-3-page-16?lang=fr&redirect-ssocas=7080
999 _c2036450
_d2036450